Statistics for Gassu's Geographic Groups of Things #2

Click here to take the quiz!

General Stats

  • This quiz has been taken 823 times
  • The average score is 35 of 49

Answer Stats

Answer % Correct
Wales
97%
Scotland
97%
England
97%
Northern Ireland
96%
Alaska
95%
Turkmenistan
95%
Pakistan
95%
Afghanistan
95%
Hawaii
95%
Uzbekistan
95%
Kazakhstan
95%
Kyrgyzstan
92%
Tajikistan
92%
Beijing
91%
Heathrow
86%
Cape Town
86%
Shanghai
85%
Lake Michigan
85%
Estonia
84%
Ecuador
83%
Lake Erie
81%
Lake Superior
81%
Eritrea
80%
Pretoria
80%
Ethiopia
80%
Colorado
77%
Arizona
75%
Lake Huron
75%
Utah
74%
New Mexico
73%
Lake Ontario
72%
El Salvador
71%
Equatorial Guinea
65%
East Timor
64%
Egypt
61%
Guangzhou
60%
Brazil
59%
Argentina
58%
Bloemfontein
57%
Gatwick
57%
City
42%
Luton
37%
Stansted
35%
Tianjin
29%
Shenzhen
27%
Wuhan
23%
Viti Levu
8%
Southend
8%
Vanua Levu
5%

Score Distribution

Percentile by Number Answered

Percent of People with Each Score

Your Score History

You have not taken this quiz